<?xml version="1.0" encoding="UTF-8"?>
<record
    xmlns:xsi="http://www.w3.org/2001/XMLSchema-instance"
    xsi:schemaLocation="http://www.loc.gov/MARC21/slim http://www.loc.gov/standards/marcxml/schema/MARC21slim.xsd"
    xmlns="http://www.loc.gov/MARC21/slim">

  <leader>03220cam a2200361Ia 4500</leader>
  <datafield tag="999" ind1=" " ind2=" ">
    <subfield code="c">77240</subfield>
    <subfield code="d">314517</subfield>
  </datafield>
  <controlfield tag="001">802294394</controlfield>
  <controlfield tag="003">OCoLC</controlfield>
  <controlfield tag="005">20190821154126.0</controlfield>
  <controlfield tag="008">111130s2013    enka     b    001 0 eng d</controlfield>
  <datafield tag="015" ind1=" " ind2=" ">
    <subfield code="a">GBB272333</subfield>
    <subfield code="2">bnb</subfield>
  </datafield>
  <datafield tag="020" ind1=" " ind2=" ">
    <subfield code="a">9780702068645</subfield>
  </datafield>
  <datafield tag="020" ind1=" " ind2=" ">
    <subfield code="a">0702042269 (hbk.)</subfield>
  </datafield>
  <datafield tag="035" ind1=" " ind2=" ">
    <subfield code="a">.b34780075</subfield>
  </datafield>
  <datafield tag="035" ind1=" " ind2=" ">
    <subfield code="a">(OCoLC)802294394</subfield>
    <subfield code="z">(OCoLC)808416836</subfield>
  </datafield>
  <datafield tag="040" ind1=" " ind2=" ">
    <subfield code="a">UKMGB</subfield>
    <subfield code="b">eng</subfield>
    <subfield code="c">UKMGB</subfield>
    <subfield code="d">OCLCO</subfield>
    <subfield code="d">YDXCP</subfield>
    <subfield code="d">YNK</subfield>
    <subfield code="d">COU</subfield>
    <subfield code="d">PAU</subfield>
    <subfield code="d">BWX</subfield>
    <subfield code="d">BTCTA</subfield>
  </datafield>
  <datafield tag="050" ind1=" " ind2="4">
    <subfield code="a">QM556</subfield>
    <subfield code="b">.B36 2013</subfield>
  </datafield>
  <datafield tag="082" ind1="0" ind2="4">
    <subfield code="a">616.07583</subfield>
    <subfield code="2">23</subfield>
    <subfield code="b">BAT</subfield>
  </datafield>
  <datafield tag="096" ind1=" " ind2=" ">
    <subfield code="a">QS 525</subfield>
    <subfield code="b">T396 2013</subfield>
  </datafield>
  <datafield tag="245" ind1="0" ind2="0">
    <subfield code="a">Bancroft's theory and practice of histological techniques /</subfield>
    <subfield code="c">[edited by] S. Kim Suvarna, Christopher Layton, John D. Bancroft</subfield>
  </datafield>
  <datafield tag="246" ind1="3" ind2="0">
    <subfield code="a">Theory and practice of histological techniques</subfield>
  </datafield>
  <datafield tag="250" ind1=" " ind2=" ">
    <subfield code="a">7th ed</subfield>
  </datafield>
  <datafield tag="260" ind1=" " ind2=" ">
    <subfield code="a">[Oxford] :</subfield>
    <subfield code="b">Churchill Livingstone,</subfield>
    <subfield code="c">c2013</subfield>
  </datafield>
  <datafield tag="300" ind1=" " ind2=" ">
    <subfield code="a">xiv, 637  p. :</subfield>
    <subfield code="b">ill. (chiefly col.) ;</subfield>
    <subfield code="c">26 cm</subfield>
  </datafield>
  <datafield tag="500" ind1=" " ind2=" ">
    <subfield code="a">Previous ed.: 2008</subfield>
  </datafield>
  <datafield tag="504" ind1=" " ind2=" ">
    <subfield code="a">Includes bibliographical references and index</subfield>
  </datafield>
  <datafield tag="505" ind1="0" ind2=" ">
    <subfield code="a">Managing the laboratory / Louise Dunk -- Safety and ergonomics in the laboratory / John D. Bancroft -- Light microscopy / John D. Bancroft and Alton D. Floyd -- Fixation of tissues / Anthony Rhodes -- The gross room/surgical cut-up / S. Kim Suvarna and Christopher Layton -- Tissue processing and microarray / Lena T. Spencer, John D. Bancroft, and Wanda Grace Jones -- Microtomy : paraffin and frozen / Lena T. Spencer and John D. Bancroft -- Plastic embedding for light microscopy / Neil M. Hand -- How histological stains work / Richard W. Horobin -- The hematoxylins and eosin / John D. Bancroft and Christopher Layton -- Connective and mesenchymal tissues with their stains / John D. Bancroft and Christopher Layton -- Carbohydrates / Christopher Layton and John D. Bancroft -- Pigments and minerals / Guy E. Orchard -- Amyloid / Janet A. Gilbertson and Toby Hunt -- Microorganisms / Jeanine H. Bartlett -- Bone / Diane L. Sterchi -- Techniques in neuropathology / J. Robin Highley and Nicky Sullivan -- Immunohistochemical techniques / Peter Jackson and David Blythe -- Immunofluorescent techniques / Graeme Wild -- Immunohistochemistry quality control / Tracy Sanderson and Gregory Zardin -- Molecular pathology / Diane L. Sterchi and Caroline Astbury -- Transmission electron microscopy / Anthony E. Woods and John W. Stirling -- Quantittive data from microscopic specimens / Alton D. Floyd -- Appendix I : classical histochemical methods / John D. Bancroft and Jennifer H. Stonard -- Appendix II : applications of immunohistochemistry / Laura J. Keeling and Sherin Jos Payyappilly -- Appendix III : measurement units / Jennifer H. Stonard -- Appendix IV : preparation of solutions / Danielle Maddocks -- Appendix V : buffer solutions / Paul Samuel -- Appendix VI : solubility of some common reagents and dyes / Stuart Inglut -- Appendix VII : mounting media and slide coatings / Ann Michelle Moon -- Appendix VIII : Molecular pathology reagents / Diane L. Sterchi</subfield>
  </datafield>
  <datafield tag="650" ind1=" " ind2="0">
    <subfield code="a">Histology, Pathological</subfield>
    <subfield code="x">Technique</subfield>
    <subfield code="9">74722</subfield>
  </datafield>
  <datafield tag="650" ind1="1" ind2="2">
    <subfield code="a">Histological Techniques</subfield>
    <subfield code="9">74723</subfield>
  </datafield>
  <datafield tag="700" ind1="1" ind2=" ">
    <subfield code="a">Suvarna, S. Kim</subfield>
    <subfield code="9">74724</subfield>
  </datafield>
  <datafield tag="700" ind1="1" ind2=" ">
    <subfield code="a">Layton, Christopher,</subfield>
    <subfield code="c">PhD</subfield>
    <subfield code="9">74725</subfield>
  </datafield>
  <datafield tag="700" ind1="1" ind2=" ">
    <subfield code="a">Bancroft, John D</subfield>
    <subfield code="9">74726</subfield>
  </datafield>
  <datafield tag="942" ind1=" " ind2=" ">
    <subfield code="2">ddc</subfield>
    <subfield code="c">BOOK</subfield>
  </datafield>
  <datafield tag="952" ind1=" " ind2=" ">
    <subfield code="1">0</subfield>
    <subfield code="2">2019-08-21</subfield>
    <subfield code="4">0</subfield>
    <subfield code="7">0</subfield>
    <subfield code="a">616.07583 BAT</subfield>
    <subfield code="d">2019-08-21</subfield>
    <subfield code="h">CL</subfield>
    <subfield code="i">00157755</subfield>
    <subfield code="m">CL</subfield>
    <subfield code="r">2019-08-21 00:00:00</subfield>
    <subfield code="t">BOOK</subfield>
    <subfield code="w">ddc</subfield>
    <subfield code="y">0</subfield>
  </datafield>
  <datafield tag="952" ind1=" " ind2=" ">
    <subfield code="1">0</subfield>
    <subfield code="2">2019-08-21</subfield>
    <subfield code="4">0</subfield>
    <subfield code="7">0</subfield>
    <subfield code="a">616.07583 BAT</subfield>
    <subfield code="d">2019-08-21</subfield>
    <subfield code="h">CL</subfield>
    <subfield code="i">00157756</subfield>
    <subfield code="m">CL</subfield>
    <subfield code="r">2019-08-21 00:00:00</subfield>
    <subfield code="t">BOOK</subfield>
    <subfield code="w">ddc</subfield>
    <subfield code="y">0</subfield>
  </datafield>
  <datafield tag="952" ind1=" " ind2=" ">
    <subfield code="1">0</subfield>
    <subfield code="2">2019-08-21</subfield>
    <subfield code="4">0</subfield>
    <subfield code="7">0</subfield>
    <subfield code="a">616.07583 BAT</subfield>
    <subfield code="d">2019-08-21</subfield>
    <subfield code="h">CL</subfield>
    <subfield code="i">00157757</subfield>
    <subfield code="m">CL</subfield>
    <subfield code="q">2024-10-30</subfield>
    <subfield code="r">2024-11-27 00:00:00</subfield>
    <subfield code="t">BOOK</subfield>
    <subfield code="w">ddc</subfield>
    <subfield code="y">1</subfield>
  </datafield>
  <datafield tag="952" ind1=" " ind2=" ">
    <subfield code="1">0</subfield>
    <subfield code="2">2019-08-21</subfield>
    <subfield code="4">0</subfield>
    <subfield code="7">0</subfield>
    <subfield code="a">616.07583 BAT</subfield>
    <subfield code="d">2019-08-21</subfield>
    <subfield code="h">AMF</subfield>
    <subfield code="i">00157758</subfield>
    <subfield code="m">AMF</subfield>
    <subfield code="q">2024-11-05</subfield>
    <subfield code="r">2024-11-17 00:00:00</subfield>
    <subfield code="t">BOOK</subfield>
    <subfield code="w">ddc</subfield>
    <subfield code="y">7</subfield>
  </datafield>
  <datafield tag="952" ind1=" " ind2=" ">
    <subfield code="1">0</subfield>
    <subfield code="2">2019-08-21</subfield>
    <subfield code="4">0</subfield>
    <subfield code="7">0</subfield>
    <subfield code="a">616.07583 BAT</subfield>
    <subfield code="d">2019-08-21</subfield>
    <subfield code="h">AMF</subfield>
    <subfield code="i">00157759</subfield>
    <subfield code="m">AMF</subfield>
    <subfield code="q">2024-04-24</subfield>
    <subfield code="r">2024-04-29 00:00:00</subfield>
    <subfield code="t">BOOK</subfield>
    <subfield code="w">ddc</subfield>
    <subfield code="y">2</subfield>
  </datafield>
</record>
